Word Ladder: Hermione's Spell Quiz Stats

Quiz Updated Apr 16, 2015

Challenge
Share
Tweet
Embed
Score 0/34 Timer 04:00
2 Plays Today
Hint 3-Letter Word % Correct
Armed conflictWAR
90.9%
Diamond or rubyGEM
88.4%
Beaver projectDAM
88.1%
Chewy candyGUM
87.9%
👩 'TASTES GOOD!' 👩👩 YUM 👩
87.2%
Sweet potatoYAM
85.6%
👩 PLACE FIRST 👩👩 WIN 👩
84.8%
ConsumeEAT
84.8%
Used a chairSAT
82.9%
Pallid, like Prof. SnapeWAN
82.5%
👩 BE IN DEBT 👩👩 OWE 👩
81.2%
SingleONE
80.2%
Painting and sculptureART
79.2%
War survivorVET
78.6%
It might be wild or QuakerOAT
77.6%
CauldronVAT
76.2%
Rep. counterpartDEM.
75.8%
Hint 3-Letter Word % Correct
ExistARE
73.7%
ReverenceAWE
73.7%
Tolkien's treeherdENT
71.4%
Canadian prov.ONT.
71.3%
___ Jordan, Dumbledore's army memberLEE
71%
👩 VICTORY SIGN 👩👩 VEE 👩
70.7%
Actress Tyler or UllmannLIV
69.8%
Table scrapORT
69.6%
👩 SINGER SNIDER 👩👩 DEE 👩
61.1%
👩 FRESHWATER PIKE 👩👩 GAR 👩
60.6%
LegGAM
60.6%
Haw's oppositeGEE
60.2%
PrevaricateLIE
57.1%
Gangsters 'flight'LAM
57%
👩 HACK OR BAND ___ 👩👩 SAW 👩
55%
👩 MY NAME IS ASHER 👩👩 LEV 👩
52.2%
Apollo spacecraft unitLEM
47.1%

Today's Daily Dose

You're not logged in!

Compare scores with friends on all Sporcle quizzes.
Join for Free
OR
Log In

You Might Also Like...

Show Comments

Extras

Top Quizzes Today


Score Distribution

Your Account Isn't Verified!

In order to create a playlist on Sporcle, you need to verify the email address you used during registration. Go to your Sporcle Settings to finish the process.

Report this User

Report this user for behavior that violates our Community Guidelines.

Details: